[Event "European School Championships"]
[Site "Rhodes, Greece"]
[Date "2022.04.26"]
[Round "6.1"]
[White "Aydogan, Arya"]
[Black "Kutateladze, Anastasia"]
[Result "1-0"]
[WhiteElo "1409"]
[BlackElo "1180"]
[PlyCount "91"]
[EventDate "2022.04.21"]
[EventRounds "9"]

1. e4 {[%emt 0:00:02]} c5 {[%emt 0:00:04]} 2. Nf3 {[%emt 0:00:11]} e6 {[%emt 0:
00:07]} 3. c3 {[%emt 0:00:10]} Nc6 {[%emt 0:02:28]} 4. d4 {[%emt 0:04:10]} d5 {
[%emt 0:05:45]} 5. e5 {[%emt 0:04:54]} a6 {[%emt 0:12:50]} 6. a3 {[%emt 0:11:
18]} b5 {[%emt 0:05:49]} 7. Bd3 {[%emt 0:03:00]} Be7 {[%emt 0:07:03]} 8. O-O {
[%emt 0:05:32]} Bb7 {[%emt 0:05:21]} 9. Re1 {[%emt 0:06:40]} h5 {[%emt 0:04:22]
} 10. Nbd2 {[%emt 0:04:49]} Qb6 {[%emt 0:13:41]} 11. Nf1 {[%emt 0:03:39]} O-O-O
{[%emt 0:09:00]} 12. Be3 {[%emt 0:11:38]} c4 {[%emt 0:00:43]} 13. Bc2 {[%emt 0:
01:49]} Rd7 {[%emt 0:10:00]} 14. Qe2 {[%emt 0:16:44]} a5 {[%emt 0:04:42]} 15.
h3 {[%emt 0:04:43]} b4 {[%emt 0:01:00]} 16. Qd2 {[%emt 0:00:55]} b3 {[%emt 0:
00:22]} 17. Bd1 {[%emt 0:01:26]} a4 {[%emt 0:04:23]} 18. h4 {[%emt 0:03:13]}
Nh6 {[%emt 0:02:29]} 19. Bxh6 {[%emt 0:02:08]} Rxh6 {[%emt 0:00:52]} 20. Ng5 {
[%emt 0:00:38]} Bxg5 {[%emt 0:02:14]} 21. Qxg5 {[%emt 0:01:25]} Qd8 {[%emt 0:
01:02]} 22. Qxg7 {[%emt 0:02:29]} Rg6 {[%emt 0:00:26]} 23. Qh7 {[%emt 0:00:10]}
Qxh4 {[%emt 0:01:10]} 24. Qxh5 {[%emt 0:00:53]} Qxh5 {[%emt 0:00:24]} 25. Bxh5
{[%emt 0:00:08]} Rg7 {[%emt 0:00:19]} 26. Re3 {[%emt 0:01:49]} Ne7 {[%emt 0:01:
35]} 27. Ng3 {[%emt 0:00:36]} Ng8 {[%emt 0:02:52]} 28. Rf3 {[%emt 0:01:35]} Nh6
{[%emt 0:00:29]} 29. Rf6 {[%emt 0:00:40]} Ng8 {[%emt 0:00:21]} 30. Rf4 {
[%emt 0:00:07]} Nh6 {[%emt 0:00:17]} 31. Re1 {[%emt 0:01:02]} Kd8 {[%emt 0:00:
37]} 32. Re3 {[%emt 0:00:54]} Ke8 {[%emt 0:00:36]} 33. Be2 {[%emt 0:00:52]} Rg5
{[%emt 0:00:54]} 34. Rh4 {[%emt 0:01:27]} Nf5 {[%emt 0:00:53]} 35. Nxf5 {
[%emt 0:00:04]} Rxf5 {[%emt 0:00:16]} 36. f4 {[%emt 0:00:39]} Ke7 {[%emt 0:00:
49]} 37. Rf3 {[%emt 0:00:47]} Rd8 {[%emt 0:00:38]} 38. g4 {[%emt 0:00:27]} Rg8
{[%emt 0:00:06]} 39. Kf2 {[%emt 0:00:23]} Rxg4 {[%emt 0:00:59]} 40. Rxg4 {
[%emt 0:00:12]} Rh5 {[%emt 0:00:10]} 41. Kg2 {[%emt 0:02:50]} Rh8 {[%emt 0:01:
02]} 42. Rfg3 {[%emt 0:03:12]} Rc8 {[%emt 0:00:56]} 43. Rg8 {[%emt 0:00:43]}
Rc7 {[%emt 0:00:04]} 44. Bh5 {[%emt 0:01:39]} Bc6 {[%emt 0:00:26]} 45. Bxf7 {
[%emt 0:00:38]} Kxf7 {[%emt 0:01:12]} 46. R3g7# 1-0

[Event "European School Championships"]
[Site "Rhodes, Greece"]
[Date "2022.04.26"]
[Round "6.3"]
[White "Janouskova, Eliska"]
[Black "Onipko, Kateryna"]
[Result "1-0"]
[WhiteElo "1167"]
[BlackElo "1154"]
[PlyCount "51"]
[EventDate "2022.04.21"]
[EventRounds "9"]

1. e4 {[%emt 0:00:05]} d6 {[%emt 0:00:35]} 2. Nf3 {[%emt 0:01:57]} g6 {[%emt 0:
01:31]} 3. Nc3 {[%emt 0:05:15]} Bg7 {[%emt 0:01:31]} 4. d4 {[%emt 0:06:20]} c6
{[%emt 0:02:51]} 5. Be3 {[%emt 0:03:22]} Nd7 {[%emt 0:02:50]} 6. Bd3 {[%emt 0:
04:35]} e6 {[%emt 0:05:43]} 7. O-O {[%emt 0:04:10]} Ne7 {[%emt 0:01:32]} 8. Qd2
{[%emt 0:06:53]} O-O {[%emt 0:02:01]} 9. h3 {[%emt 0:04:51]} e5 {[%emt 0:04:19]
} 10. dxe5 {[%emt 0:01:53]} Nxe5 {[%emt 0:00:59]} 11. Nxe5 {[%emt 0:01:29]}
Bxe5 {[%emt 0:00:48]} 12. f4 {[%emt 0:02:16]} Bg7 {[%emt 0:00:07]} 13. f5 {
[%emt 0:07:14]} f6 {[%emt 0:06:42]} 14. Qf2 {[%emt 0:08:40]} b5 {[%emt 0:02:28]
} 15. Ne2 {[%emt 0:04:14]} g5 {[%emt 0:04:29]} 16. h4 {[%emt 0:04:24]} h6 {
[%emt 0:00:46]} 17. hxg5 {[%emt 0:01:34]} fxg5 {[%emt 0:00:58]} 18. Ng3 {
[%emt 0:04:16]} Qe8 {[%emt 0:01:43]} 19. Bd4 {[%emt 0:02:25]} Bf6 {[%emt 0:02:
45]} 20. Bxf6 {[%emt 0:02:37]} Rxf6 {[%emt 0:00:52]} 21. Qe2 {[%emt 0:01:10]}
Kh7 {[%emt 0:03:55]} 22. Nh5 {[%emt 0:03:31]} Rf7 {[%emt 0:02:08]} 23. e5 {
[%emt 0:01:58]} dxe5 {[%emt 0:01:09]} 24. f6+ {[%emt 0:01:06]} Ng6 {[%emt 0:00:
30]} 25. Qe4 {[%emt 0:00:52]} Qg8 {[%emt 0:01:14]} 26. Ng7 {[%emt 0:01:10]} 1-0

[Event "European School Championships"]
[Site "Rhodes, Greece"]
[Date "2022.04.27"]
[Round "7.1"]
[White "Pissadaki, Despoina"]
[Black "Aydogan, Arya"]
[Result "0-1"]
[WhiteElo "1233"]
[BlackElo "1409"]
[PlyCount "84"]
[EventDate "2022.04.21"]
[EventRounds "9"]

1. e4 {[%emt 0:00:03]} e5 {[%emt 0:00:09]} 2. Nf3 {[%emt 0:00:10]} Nc6 {
[%emt 0:00:10]} 3. Bc4 {[%emt 0:00:15]} Bc5 {[%emt 0:01:09]} 4. Nc3 {[%emt 0:
00:21]} Nf6 {[%emt 0:00:59]} 5. d3 {[%emt 0:00:34]} h6 {[%emt 0:01:05]} 6. O-O
{[%emt 0:00:34]} d6 {[%emt 0:00:59]} 7. h3 {[%emt 0:01:21]} O-O {[%emt 0:01:33]
} 8. Re1 {[%emt 0:00:35]} Bb6 {[%emt 0:02:05]} 9. Be3 {[%emt 0:05:25]} Ne7 {
[%emt 0:02:28]} 10. Na4 {[%emt 0:06:14]} Ng6 {[%emt 0:00:18]} 11. Nxb6 {
[%emt 0:02:39]} axb6 {[%emt 0:00:12]} 12. c3 {[%emt 0:03:45]} d5 {[%emt 0:08:
00]} 13. exd5 {[%emt 0:02:04]} Nxd5 {[%emt 0:00:21]} 14. d4 {[%emt 0:03:46]} e4
{[%emt 0:03:08]} 15. Nd2 {[%emt 0:00:31]} f5 {[%emt 0:06:10]} 16. f3 {[%emt 0:
15:49]} exf3 {[%emt 0:00:03]} 17. Nxf3 {[%emt 0:00:29]} Kh7 {[%emt 0:02:53]}
18. Bd3 {[%emt 0:05:55]} Qf6 {[%emt 0:04:52]} 19. Qd2 {[%emt 0:10:06]} Bd7 {
[%emt 0:07:04]} 20. c4 {[%emt 0:05:04]} Nxe3 {[%emt 0:01:05]} 21. Rxe3 {
[%emt 0:00:59]} Rfe8 {[%emt 0:04:03]} 22. a3 {[%emt 0:04:33]} Rxe3 {[%emt 0:06:
33]} 23. Qxe3 {[%emt 0:00:17]} Re8 {[%emt 0:00:39]} 24. Qf2 {[%emt 0:00:27]}
Nf4 {[%emt 0:11:12]} 25. Ne5 {[%emt 0:05:06]} Nxd3 {[%emt 0:01:41]} 26. Nxd7 {
[%emt 0:00:16]} Qe6 {[%emt 0:04:06]} 27. Qg3 {[%emt 0:01:03]} Qxc4 {[%emt 0:02:
48]} 28. Kh2 {[%emt 0:01:36]} Qxd4 {[%emt 0:01:43]} 29. Qxc7 {[%emt 0:00:28]}
Re7 {[%emt 0:00:18]} 30. Qxb7 {[%emt 0:01:28]} Rxd7 {[%emt 0:00:11]} 31. Qa6 {
[%emt 0:00:34]} Qxb2 {[%emt 0:01:16]} 32. Rf1 {[%emt 0:00:31]} Qe5+ {[%emt 0:
00:43]} 33. Kh1 {[%emt 0:00:42]} Qc5 {[%emt 0:00:47]} 34. Qa4 {[%emt 0:01:11]}
b5 {[%emt 0:00:30]} 35. Qb3 {[%emt 0:00:55]} Qc4 {[%emt 0:01:09]} 36. Qb1 {
[%emt 0:00:32]} Re7 {[%emt 0:01:50]} 37. Qd1 {[%emt 0:02:33]} Re1 {[%emt 0:01:
20]} 38. Qf3 {[%emt 0:00:51]} Nf2+ {[%emt 0:00:53]} 39. Kh2 {[%emt 0:00:44]}
Ng4+ {[%emt 0:00:38]} 40. hxg4 {[%emt 0:00:29]} Qxf1 {[%emt 0:00:14]} 41. Qc3 {
[%emt 0:04:50]} Qf4+ {[%emt 0:00:59]} 42. Kh3 {[%emt 0:00:44]} Rh1# {[%emt 0:
00:24]} 0-1

[Event "European School Championships"]
[Site "Rhodes, Greece"]
[Date "2022.04.27"]
[Round "7.3"]
[White "Anemogianni, Savvina"]
[Black "Janouskova, Eliska"]
[Result "1/2-1/2"]
[WhiteElo "1102"]
[BlackElo "1167"]
[PlyCount "84"]
[EventDate "2022.04.21"]
[EventRounds "9"]

1. e4 {[%emt 0:00:02]} c5 {[%emt 0:00:08]} 2. Nf3 {[%emt 0:00:18]} e6 {[%emt 0:
00:26]} 3. d4 {[%emt 0:01:42]} cxd4 {[%emt 0:00:45]} 4. Nxd4 {[%emt 0:00:11]}
Nf6 {[%emt 0:01:07]} 5. Nc3 {[%emt 0:01:02]} d6 {[%emt 0:02:37]} 6. Be2 {
[%emt 0:03:12]} Be7 {[%emt 0:01:54]} 7. O-O {[%emt 0:00:11]} O-O {[%emt 0:02:
09]} 8. Be3 {[%emt 0:03:26]} a6 {[%emt 0:02:28]} 9. Qd2 {[%emt 0:04:23]} b5 {
[%emt 0:02:30]} 10. Bf3 {[%emt 0:05:03]} Bb7 {[%emt 0:05:49]} 11. e5 {[%emt 0:
02:24]} Nd5 {[%emt 0:07:54]} 12. Nxd5 {[%emt 0:02:45]} Bxd5 {[%emt 0:04:48]}
13. Bxd5 {[%emt 0:00:17]} exd5 {[%emt 0:00:08]} 14. exd6 {[%emt 0:04:06]} Bxd6
{[%emt 0:04:21]} 15. Bf4 {[%emt 0:02:46]} Bxf4 {[%emt 0:06:24]} 16. Qxf4 {
[%emt 0:00:14]} Qd7 {[%emt 0:04:04]} 17. Qg5 {[%emt 0:03:11]} Nc6 {[%emt 0:07:
43]} 18. Nf5 {[%emt 0:00:27]} f6 {[%emt 0:00:16]} 19. Qg4 {[%emt 0:01:21]} Ne5
{[%emt 0:06:02]} 20. Nh6+ {[%emt 0:01:27]} Kh8 {[%emt 0:00:56]} 21. Qxd7 {
[%emt 0:00:06]} Nxd7 {[%emt 0:00:09]} 22. Nf5 {[%emt 0:00:13]} Ne5 {[%emt 0:02:
11]} 23. Rad1 {[%emt 0:01:01]} Rac8 {[%emt 0:03:17]} 24. c3 {[%emt 0:01:59]}
Rfd8 {[%emt 0:01:28]} 25. Ne3 {[%emt 0:01:13]} Nc4 {[%emt 0:02:08]} 26. Nxc4 {
[%emt 0:02:34]} dxc4 {[%emt 0:01:19]} 27. Rfe1 {[%emt 0:00:51]} h6 {[%emt 0:01:
45]} 28. Kf1 {[%emt 0:00:59]} Kh7 {[%emt 0:01:49]} 29. Rb1 {[%emt 0:01:20]} Kg6
{[%emt 0:02:39]} 30. Re6 {[%emt 0:00:17]} Ra8 {[%emt 0:00:44]} 31. Rbe1 {
[%emt 0:00:15]} Ra7 {[%emt 0:03:26]} 32. Rb6 {[%emt 0:01:09]} Rd2 {[%emt 0:01:
37]} 33. Re2 {[%emt 0:00:32]} Rd1+ {[%emt 0:03:26]} 34. Re1 {[%emt 0:00:09]}
Rd2 {[%emt 0:00:32]} 35. Rb1 {[%emt 0:00:24]} Kf7 {[%emt 0:00:57]} 36. Ke1 {
[%emt 0:00:42]} Rdd7 {[%emt 0:03:18]} 37. Rd1 {[%emt 0:00:19]} Rxd1+ {[%emt 0:
01:13]} 38. Kxd1 {[%emt 0:00:10]} Ke7 {[%emt 0:03:13]} 39. b3 {[%emt 0:00:25]}
cxb3 {[%emt 0:00:34]} 40. axb3 {[%emt 0:00:12]} Kd7 {[%emt 0:00:49]} 41. c4 {
[%emt 0:00:36]} bxc4 {[%emt 0:00:56]} 42. bxc4 {[%emt 0:00:35]} a5 {[%emt 0:00:
24]} 1/2-1/2

[Event "European School Championships"]
[Site "Rhodes, Greece"]
[Date "2022.04.28"]
[Round "8.1"]
[White "Patel, Diah Dipal"]
[Black "Aydogan, Arya"]
[Result "0-1"]
[WhiteElo "1318"]
[BlackElo "1409"]
[PlyCount "100"]
[EventDate "2022.04.21"]
[EventRounds "9"]

1. e4 {[%emt 0:00:04]} e5 {[%emt 0:00:10]} 2. Nf3 {[%emt 0:00:12]} Nc6 {
[%emt 0:00:11]} 3. Nc3 {[%emt 0:00:20]} Nf6 {[%emt 0:00:12]} 4. d4 {[%emt 0:00:
21]} exd4 {[%emt 0:00:33]} 5. Nxd4 {[%emt 0:00:18]} Bb4 {[%emt 0:00:13]} 6.
Nxc6 {[%emt 0:00:36]} bxc6 {[%emt 0:00:12]} 7. Bd3 {[%emt 0:00:47]} O-O {
[%emt 0:00:36]} 8. O-O {[%emt 0:00:59]} d5 {[%emt 0:00:22]} 9. exd5 {[%emt 0:
01:20]} cxd5 {[%emt 0:00:12]} 10. Bg5 {[%emt 0:00:54]} c6 {[%emt 0:04:05]} 11.
Qf3 {[%emt 0:02:51]} h6 {[%emt 0:01:18]} 12. Bh4 {[%emt 0:02:03]} g5 {[%emt 0:
01:42]} 13. Bg3 {[%emt 0:00:12]} Bg4 {[%emt 0:00:19]} 14. Bc7 {[%emt 0:03:02]}
Bxf3 {[%emt 0:02:00]} 15. Bxd8 {[%emt 0:00:33]} Raxd8 {[%emt 0:01:00]} 16. gxf3
{[%emt 0:00:55]} c5 {[%emt 0:00:31]} 17. Kh1 {[%emt 0:13:01]} c4 {[%emt 0:04:
08]} 18. Bf5 {[%emt 0:02:25]} d4 {[%emt 0:03:17]} 19. Ne4 {[%emt 0:01:11]} Nd5
{[%emt 0:14:16]} 20. Rg1 {[%emt 0:04:21]} Ne7 {[%emt 0:07:51]} 21. Nf6+ {
[%emt 0:05:27]} Kg7 {[%emt 0:00:37]} 22. Nh5+ {[%emt 0:00:19]} Kh8 {[%emt 0:00:
21]} 23. Be4 {[%emt 0:01:20]} f5 {[%emt 0:05:48]} 24. Bb7 {[%emt 0:01:50]} Rd7
{[%emt 0:08:41]} 25. Ba6 {[%emt 0:01:44]} Rc7 {[%emt 0:00:16]} 26. Rad1 {
[%emt 0:01:31]} Rc6 {[%emt 0:07:10]} 27. Bb5 {[%emt 0:02:33]} Rc5 {[%emt 0:00:
27]} 28. Ba6 {[%emt 0:00:50]} Nc6 {[%emt 0:06:36]} 29. Rg2 {[%emt 0:04:02]} f4
{[%emt 0:03:37]} 30. Rdg1 {[%emt 0:01:24]} Kh7 {[%emt 0:02:24]} 31. a3 {
[%emt 0:05:59]} Kg6 {[%emt 0:02:49]} 32. axb4 {[%emt 0:01:18]} Nxb4 {[%emt 0:
00:09]} 33. Bb7 {[%emt 0:02:07]} Kxh5 {[%emt 0:02:11]} 34. Be4 {[%emt 0:00:45]}
Nd5 {[%emt 0:02:04]} 35. h4 {[%emt 0:00:48]} Nf6 {[%emt 0:02:07]} 36. hxg5 {
[%emt 0:01:12]} Nxe4 {[%emt 0:00:17]} 37. gxh6 {[%emt 0:00:41]} Ng5 {[%emt 0:
01:24]} 38. Rh2+ {[%emt 0:00:40]} Kg6 {[%emt 0:00:13]} 39. h7 {[%emt 0:00:48]}
Rh8 {[%emt 0:01:07]} 40. Rh4 {[%emt 0:00:34]} Rxh7 {[%emt 0:01:29]} 41. Rxh7 {
[%emt 0:00:46]} Kxh7 {[%emt 0:00:06]} 42. Rg4 {[%emt 0:01:19]} d3 {[%emt 0:02:
38]} 43. cxd3 {[%emt 0:00:27]} cxd3 {[%emt 0:00:17]} 44. Rxf4 {[%emt 0:00:28]}
d2 {[%emt 0:00:43]} 45. Rd4 {[%emt 0:00:17]} Rc1+ {[%emt 0:00:13]} 46. Kh2 {
[%emt 0:00:15]} Nxf3+ {[%emt 0:00:21]} 47. Kg2 {[%emt 0:00:14]} Nxd4 {[%emt 0:
00:18]} 48. f4 {[%emt 0:00:23]} d1=Q {[%emt 0:00:17]} 49. f5 {[%emt 0:00:20]}
Qf3+ {[%emt 0:00:11]} 50. Kh2 {[%emt 0:00:12]} Rh1# {[%emt 0:00:14]} 0-1

[Event "European School Championships"]
[Site "Rhodes, Greece"]
[Date "2022.04.28"]
[Round "8.2"]
[White "Kalyoncu, Beren"]
[Black "Olariu-Chilut, Sofia"]
[Result "1-0"]
[WhiteElo "1165"]
[BlackElo "1149"]
[PlyCount "49"]
[EventDate "2022.04.21"]
[EventRounds "9"]

1. d4 {[%emt 0:00:01]} Nf6 {[%emt 0:00:10]} 2. e3 {[%emt 0:00:13]} g6 {[%emt 0:
03:12]} 3. Bd3 {[%emt 0:00:52]} Bg7 {[%emt 0:00:40]} 4. f4 {[%emt 0:01:01]} d5
{[%emt 0:07:32]} 5. Nd2 {[%emt 0:04:41]} Bg4 {[%emt 0:06:57]} 6. Ngf3 {[%emt 0:
02:03]} Nc6 {[%emt 0:06:50]} 7. c3 {[%emt 0:01:26]} O-O {[%emt 0:11:33]} 8. h3
{[%emt 0:04:35]} Bd7 {[%emt 0:05:09]} 9. Ne5 {[%emt 0:09:29]} Be6 {[%emt 0:03:
02]} 10. b3 {[%emt 0:10:06]} Nxe5 {[%emt 0:02:11]} 11. fxe5 {[%emt 0:00:26]}
Nd7 {[%emt 0:00:47]} 12. O-O {[%emt 0:04:41]} Rc8 {[%emt 0:05:13]} 13. e4 {
[%emt 0:04:33]} c6 {[%emt 0:02:16]} 14. Nf3 {[%emt 0:11:04]} Nb6 {[%emt 0:03:
16]} 15. Ng5 {[%emt 0:06:15]} h6 {[%emt 0:01:58]} 16. Nxe6 {[%emt 0:00:15]}
fxe6 {[%emt 0:00:52]} 17. Qg4 {[%emt 0:01:43]} Qe8 {[%emt 0:06:45]} 18. Qxe6+ {
[%emt 0:00:44]} Kh8 {[%emt 0:02:03]} 19. Rxf8+ {[%emt 0:03:48]} Qxf8 {[%emt 0:
00:31]} 20. Qxg6 {[%emt 0:00:45]} Kg8 {[%emt 0:06:04]} 21. Bxh6 {[%emt 0:02:33]
} Kh8 {[%emt 0:03:19]} 22. Rf1 {[%emt 0:02:21]} Qg8 {[%emt 0:01:01]} 23. Rf7 {
[%emt 0:02:17]} Bxh6 {[%emt 0:00:59]} 24. Qxh6+ {[%emt 0:00:09]} Qh7 {[%emt 0:
00:08]} 25. Qxh7# {[%emt 0:00:09]} 1-0

[Event "European School Championships"]
[Site "Rhodes, Greece"]
[Date "2022.04.28"]
[Round "8.3"]
[White "Baruch, Amit"]
[Black "Kutateladze, Anastasia"]
[Result "0-1"]
[WhiteElo "1250"]
[BlackElo "1180"]
[PlyCount "104"]
[EventDate "2022.04.21"]
[EventRounds "9"]

1. e4 {[%emt 0:00:03]} c5 {[%emt 0:00:10]} 2. Nc3 {[%emt 0:00:15]} e6 {[%emt 0:
00:06]} 3. f4 {[%emt 0:00:19]} Nc6 {[%emt 0:00:57]} 4. Nf3 {[%emt 0:00:17]} d5
{[%emt 0:00:19]} 5. Bb5 {[%emt 0:02:53]} d4 {[%emt 0:00:33]} 6. Bxc6+ {[%emt 0:
02:29]} bxc6 {[%emt 0:00:11]} 7. Ne2 {[%emt 0:00:46]} Nf6 {[%emt 0:01:24]} 8.
d3 {[%emt 0:01:03]} Be7 {[%emt 0:02:13]} 9. O-O {[%emt 0:01:23]} h5 {[%emt 0:
02:15]} 10. h3 {[%emt 0:04:20]} a5 {[%emt 0:07:28]} 11. a4 {[%emt 0:01:50]} Ba6
{[%emt 0:00:15]} 12. b3 {[%emt 0:08:22]} h4 {[%emt 0:09:10]} 13. Ne5 {[%emt 0:
15:12]} Qc7 {[%emt 0:04:23]} 14. Kh1 {[%emt 0:18:22]} Bd6 {[%emt 0:09:13]} 15.
Nf3 {[%emt 0:00:47]} Be7 {[%emt 0:00:33]} 16. Ne5 {[%emt 0:03:00]} Bd6 {
[%emt 0:00:51]} 17. Nf3 {[%emt 0:00:32]} Be7 {[%emt 0:02:42]} 18. Bb2 {[%emt 0:
07:56]} O-O-O {[%emt 0:03:33]} 19. Qe1 {[%emt 0:02:10]} Rde8 {[%emt 0:08:15]}
20. Rc1 {[%emt 0:04:08]} Qb6 {[%emt 0:03:41]} 21. Ne5 {[%emt 0:01:54]} Ref8 {
[%emt 0:00:55]} 22. Qd1 {[%emt 0:02:36]} Bd6 {[%emt 0:02:03]} 23. Nf3 {[%emt 0:
00:28]} Be7 {[%emt 0:00:34]} 24. c3 {[%emt 0:00:57]} dxc3 {[%emt 0:00:24]} 25.
Rxc3 {[%emt 0:02:26]} Rd8 {[%emt 0:15:02]} 26. Qc2 {[%emt 0:00:46]} c4 {
[%emt 0:11:23]} 27. dxc4 {[%emt 0:02:14]} Bb4 {[%emt 0:00:28]} 28. Rd3 {
[%emt 0:00:42]} Rxd3 {[%emt 0:04:33]} 29. Qxd3 {[%emt 0:00:11]} Rd8 {[%emt 0:
00:29]} 30. Qc2 {[%emt 0:00:35]} Qe3 {[%emt 0:00:52]} 31. e5 {[%emt 0:01:22]}
Qe4 {[%emt 0:02:09]} 32. Qxe4 {[%emt 0:01:12]} Nxe4 {[%emt 0:00:04]} 33. Kh2 {
[%emt 0:03:03]} c5 {[%emt 0:01:55]} 34. Nc1 {[%emt 0:03:31]} Ng3 {[%emt 0:00:
44]} 35. Rf2 {[%emt 0:00:51]} Bb7 {[%emt 0:00:53]} 36. Ne2 {[%emt 0:04:56]}
Bxf3 {[%emt 0:00:33]} 37. Rxf3 {[%emt 0:00:51]} Nxe2 {[%emt 0:00:21]} 38. Rf2 {
[%emt 0:02:20]} Rd2 {[%emt 0:00:40]} 39. Ba1 {[%emt 0:00:18]} Ng3 {[%emt 0:00:
52]} 40. Rxd2 {[%emt 0:00:12]} Bxd2 {[%emt 0:00:10]} 41. Bb2 {[%emt 0:02:33]}
Kc7 {[%emt 0:00:25]} 42. Ba3 {[%emt 0:00:46]} Kb6 {[%emt 0:00:28]} 43. Bb2 {
[%emt 0:00:50]} Bxf4 {[%emt 0:00:11]} 44. Kg1 {[%emt 0:00:30]} Be3+ {[%emt 0:
00:34]} 45. Kh2 {[%emt 0:00:26]} Nf1+ {[%emt 0:00:09]} 46. Kh1 {[%emt 0:00:14]}
Nd2 {[%emt 0:00:11]} 47. Bc1 {[%emt 0:00:28]} Nf1 {[%emt 0:00:16]} 48. Bb2 {
[%emt 0:00:25]} Bd4 {[%emt 0:00:23]} 49. Bc1 {[%emt 0:00:49]} Bxe5 {[%emt 0:00:
45]} 50. Bg5 {[%emt 0:00:19]} Ng3+ {[%emt 0:00:18]} 51. Kg1 {[%emt 0:00:17]}
Bf6 {[%emt 0:00:06]} 52. Bf4 {[%emt 0:00:22]} Ne2+ {[%emt 0:00:09]} 0-1

[Event "European School Championships"]
[Site "Rhodes, Greece"]
[Date "2022.04.29"]
[Round "9.1"]
[White "Aydogan, Arya"]
[Black "Baruch, Amit"]
[Result "1-0"]
[WhiteElo "1409"]
[BlackElo "1250"]
[PlyCount "79"]
[EventDate "2022.04.21"]
[EventRounds "9"]

1. e4 {[%emt 0:00:02]} e5 {[%emt 0:00:09]} 2. Nf3 {[%emt 0:00:11]} Nc6 {
[%emt 0:00:19]} 3. Nc3 {[%emt 0:00:12]} Bc5 {[%emt 0:00:36]} 4. Nxe5 {[%emt 0:
00:46]} Nxe5 {[%emt 0:01:27]} 5. d4 {[%emt 0:00:13]} Bxd4 {[%emt 0:00:24]} 6.
Qxd4 {[%emt 0:00:13]} Nc6 {[%emt 0:00:43]} 7. Qxg7 {[%emt 0:00:13]} Qf6 {
[%emt 0:00:43]} 8. Bh6 {[%emt 0:00:38]} Qxh6 {[%emt 0:04:49]} 9. Qxh8 {[%emt 0:
00:12]} Kf8 {[%emt 0:20:29]} 10. Bd3 {[%emt 0:04:26]} Qg7 {[%emt 0:00:41]} 11.
Qxg7+ {[%emt 0:00:21]} Kxg7 {[%emt 0:00:59]} 12. Nd5 {[%emt 0:03:01]} Nge7 {
[%emt 0:00:31]} 13. Nxc7 {[%emt 0:00:49]} Rb8 {[%emt 0:00:20]} 14. Ne8+ {
[%emt 0:00:39]} Kf8 {[%emt 0:01:41]} 15. Nd6 {[%emt 0:01:11]} Ne5 {[%emt 0:01:
02]} 16. O-O {[%emt 0:02:20]} b6 {[%emt 0:03:47]} 17. Nxc8 Rxc8 {[%emt 0:01:40]
} 18. f4 {[%emt 0:03:38]} Nc4 {[%emt 0:01:53]} 19. b3 {[%emt 0:00:48]} Ne3 {
[%emt 0:00:58]} 20. Rf2 Ng4 {[%emt 0:02:44]} 21. Rd2 {[%emt 0:01:28]} h6 {
[%emt 0:07:35]} 22. c4 {[%emt 0:09:58]} Ke8 {[%emt 0:05:42]} 23. e5 {[%emt 0:
01:34]} h5 {[%emt 0:02:01]} 24. Be2 {[%emt 0:04:18]} Ng6 {[%emt 0:00:33]} 25.
Bxg4 {[%emt 0:01:13]} hxg4 {[%emt 0:00:24]} 26. Rd4 {[%emt 0:01:59]} Kd8 {
[%emt 0:02:44]} 27. Rad1 {[%emt 0:01:16]} Rc7 {[%emt 0:00:17]} 28. Kf2 {
[%emt 0:01:11]} Ne7 {[%emt 0:02:57]} 29. Rd6 {[%emt 0:05:56]} Ng6 {[%emt 0:05:
03]} 30. Kg3 {[%emt 0:02:00]} Ke7 {[%emt 0:01:58]} 31. Kxg4 {[%emt 0:01:04]}
Ke8 {[%emt 0:06:07]} 32. h4 {[%emt 0:03:31]} Nf8 {[%emt 0:03:59]} 33. h5 {
[%emt 0:01:34]} Ke7 {[%emt 0:01:13]} 34. h6 {[%emt 0:02:09]} Nh7 {[%emt 0:00:
15]} 35. Kh5 {[%emt 0:01:47]} Ke8 {[%emt 0:04:07]} 36. g4 {[%emt 0:00:51]} Ke7
{[%emt 0:01:07]} 37. g5 {[%emt 0:00:43]} Nf8 {[%emt 0:01:49]} 38. f5 {[%emt 0:
01:11]} Rc5 {[%emt 0:01:58]} 39. R1d5 {[%emt 0:02:07]} Rxd5 {[%emt 0:01:34]}
40. cxd5 {[%emt 0:02:28]} 1-0

[Event "European School Championships"]
[Site "Rhodes, Greece"]
[Date "2022.04.29"]
[Round "9.3"]
[White "Kutateladze, Anastasia"]
[Black "Janouskova, Eliska"]
[Result "1-0"]
[WhiteElo "1180"]
[BlackElo "1167"]
[PlyCount "75"]
[EventDate "2022.04.21"]
[EventRounds "9"]

1. e4 c5 {[%emt 0:00:08]} 2. Nc3 {[%emt 0:00:04]} e6 {[%emt 0:01:31]} 3. Nf3 {
[%emt 0:00:12]} d6 {[%emt 0:01:45]} 4. d4 {[%emt 0:00:34]} cxd4 {[%emt 0:00:11]
} 5. Nxd4 {[%emt 0:00:11]} Nf6 {[%emt 0:01:23]} 6. f3 {[%emt 0:02:24]} Be7 {
[%emt 0:04:27]} 7. Be3 {[%emt 0:02:54]} O-O {[%emt 0:04:46]} 8. Qd2 {[%emt 0:
03:03]} a6 {[%emt 0:05:59]} 9. g4 {[%emt 0:04:25]} Nc6 {[%emt 0:17:07]} 10.
Nxc6 {[%emt 0:18:01]} bxc6 {[%emt 0:02:25]} 11. O-O-O {[%emt 0:07:59]} Rb8 {
[%emt 0:08:20]} 12. g5 {[%emt 0:08:29]} Nd7 {[%emt 0:04:50]} 13. f4 {[%emt 0:
10:33]} Nb6 {[%emt 0:06:48]} 14. h4 {[%emt 0:10:23]} Qc7 {[%emt 0:12:15]} 15.
h5 {[%emt 0:06:20]} c5 {[%emt 0:04:32]} 16. b3 {[%emt 0:07:41]} Qd7 {[%emt 0:
05:58]} 17. Qf2 {[%emt 0:05:05]} f6 {[%emt 0:05:46]} 18. g6 {[%emt 0:00:05]} h6
{[%emt 0:00:06]} 19. Bd3 {[%emt 0:01:08]} Qc6 {[%emt 0:00:58]} 20. Be2 {
[%emt 0:01:06]} d5 {[%emt 0:01:21]} 21. exd5 {[%emt 0:00:11]} exd5 {[%emt 0:00:
21]} 22. Bf3 {[%emt 0:00:17]} Be6 {[%emt 0:01:10]} 23. f5 {[%emt 0:00:32]} Bxf5
{[%emt 0:00:14]} 24. Nxd5 {[%emt 0:00:07]} Qe6 {[%emt 0:01:37]} 25. Nxe7+ {
[%emt 0:01:17]} Qxe7 {[%emt 0:00:10]} 26. Bxc5 {[%emt 0:00:17]} Qe6 {[%emt 0:
02:52]} 27. Bxf8 {[%emt 0:00:25]} Rxf8 {[%emt 0:00:08]} 28. Rhe1 {[%emt 0:00:
16]} Qc8 {[%emt 0:00:36]} 29. c4 {[%emt 0:01:36]} Nxc4 {[%emt 0:02:04]} 30.
Bd5+ {[%emt 0:00:12]} Kh8 {[%emt 0:00:34]} 31. Bxc4 {[%emt 0:00:14]} Bg4 {
[%emt 0:01:15]} 32. Rd2 {[%emt 0:00:36]} Bd7 {[%emt 0:00:20]} 33. Kb2 {[%emt 0:
01:49]} Qb7 {[%emt 0:00:38]} 34. Re7 {[%emt 0:00:22]} Qc8 {[%emt 0:01:20]} 35.
Rdxd7 {[%emt 0:00:32]} Qb8 {[%emt 0:00:47]} 36. Qe2 {[%emt 0:00:26]} Qc8 {
[%emt 0:00:31]} 37. Rxg7 {[%emt 0:00:18]} Re8 {[%emt 0:00:28]} 38. Rh7# {
[%emt 0:00:07]} 1-0